01162nab a22002177a 4500999001500000003000400015005001700019008004100036040000700077100003300084245010600117260007200223300000900295500003800304505031700342505008900659650002600748650001900774773013800793942001300931 c5720d5720OSt20251231180134.0190605e xxu||||| |||| 00| 0 spa d cPJ 94558aLitterio, Liliana Hebe13aEl trabajo infantil escondido detrás de los muros del deporte :bfútbol /cLiliana Hebe Litterio. aCiudad Autónoma de Buenos Aires :bThomson Reuters La Ley,c2023. ap. 5 aCita: TR LALEY AR/DOC/939/2023.  aSumario: I. Una visión general del tema.— II. Algunas de las normas existentes.— III. La mirada de algunos de los protagonistas: entrenadores, preparadores físicos, coordinadores, progenitores y más.— IV. La sombra de algunos futbolistas que no llegaron a la meta.— V. Una breve reflexión final.  t¿Te interesa el texto completo? Solicitalo al correo: koha@justierradelfuego.gov.ar 091316aDERECHO LABORAL 093725aDEPORTES0 0271193168dCiudad Autónoma de Buenos Aires : Thomson Reuters La Ley, 1999-2002.tRevista de derecho del trabajo. Nº 3 - Mayo 2023 2udccANA